00386 2200157 4500001002100000005001500021035002000036245006600056100002300122250000600145300001200151260003100163082000800194084001400202990001200216INLIS00000000000229520250528083811 a0010-05250005871 aMemahami Psikotes dan Pengetahuan Umum /cDwi Sunar Prayitno0 aDwi Sunar Prayitno a1 a272 hlm aYogyakarta :bThink,c2007 a080 a080 DWI m a0712601